|
|
|
|
| LEADER |
00000nab a2200000 a 4500 |
| 001 |
vtls011113038 |
| 003 |
SK-MaSNL |
| 005 |
20260303150630.0 |
| 008 |
230222|2012 xo |||||||||||||||||slo| |
| 015 |
|
|
|a SNBRB
|
| 035 |
|
|
|a (uuid)dda9b49c-5176-4cbe-9a3f-3b068dd156e8
|
| 035 |
|
|
|a (urnnbn)urn:nbn:sk:snk:ar-a08h55
|
| 035 |
|
|
|a urn:nbn:sk:snk-ab9jls
|
| 040 |
|
|
|a SNKBUCL
|b slo
|c SNKBUCL
|e AACR2
|
| 041 |
0 |
|
|a slo
|
| 044 |
|
|
|a xo
|c SK
|
| 100 |
1 |
|
|a Kuril, Jozef
|4 aut
|9 8358
|
| 245 |
1 |
0 |
|a Právna povaha služobného pomeru príslušníkov Policajného zboru ako právneho vzťahu
|c Jozef Kuril
|
| 246 |
3 |
|
|a Legal nature of the employment service of the Police force in the Slovak republic as a legal relationship
|
| 773 |
0 |
|
|t Verejná správa a regionálny rozvoj : vedecký časopis Vysokej školy ekonómie a manažmentu verejnej správy v Bratislave
|g Roč. 8, č. 2 (2012), s. 55-67
|
| 954 |
|
|
|a odborná, vedecká literatúra pôvodná (slovenská)
|2 lita
|
| 958 |
|
|
|a OND
|
| 958 |
|
|
|a EUIPO
|
| 958 |
|
|
|a article13
|
| 999 |
|
|
|c 2012168
|d 2014098
|